The demand for deductibles in private health insurance (Registro nro. 26250)

Detalles MARC
000 -LEADER
fixed length control field 00389 a2200121 4500
001 - CONTROL NUMBER
control field ART_12302
005 - DATE AND TIME OF LATEST TRANSACTION
control field 20260410161905.0
008 - FIXED-LENGTH DATA ELEMENTS--GENERAL INFORMATION
fixed length control field 260409a
100 1# - MAIN ENTRY--PERSONAL NAME
Personal name Van Praag, Bernard
245 10 - TITLE STATEMENT
Title The demand for deductibles in private health insurance
700 1# - ADDED ENTRY--PERSONAL NAME
Personal name van de Ven, Wynand P. M. M.
773 0# - HOST ITEM ENTRY
Title Journal of econometrics
Related parts - Vol. 17, Nº 2 (nov. 1981)
Record control number REV11720

No hay ítems disponibles.